Statistics for MLB, MLS, NBA, NFL or NHL? #2

Click here to take the quiz!

General Stats

  • This quiz has been taken 319 times
  • The average score is 21 of 25

Answer Stats

HintAnswer% Correct
Golden State WarriorsNBA
95%
Miami HeatNBA
93%
FC DallasMLS
90%
Toronto FCMLS
90%
Dallas MavericksNBA
90%
Baltimore RavensNFL
90%
Buffalo BillsNFL
90%
Philadelphia EaglesNFL
90%
Houston RocketsNBA
88%
Pittsburgh PenguinsNHL
88%
Tennessee TitansNFL
87%
Seattle SeahawksNFL
87%
New Orleans SaintsNFL
86%
New York GiantsNFL
85%
Chicago BearsNFL
84%
New Jersey DevilsNHL
83%
Philadelphia PhilliesMLB
82%
Oakland AthleticsMLB
82%
New England RevolutionMLS
80%
Boston BruinsNHL
80%
Edmonton OilersNHL
80%
Detroit Red WingsNHL
80%
Tampa Bay RaysMLB
78%
Washington CapitalsNHL
76%
St. Louis BluesNHL
74%

Score Distribution

Percentile by Number Answered

Percent of People with Each Score

Your Score History

You have not taken this quiz